ბათუმის შოთა რუსთაველის სახელმწიფო უნივერსიტეტის ბიბლიოთეკა

ჩანაწერი Meeting Name

ჩანაწერთა რაოდენობა, რომელიც გამოყენებულია: 1

001 - CONTROL NUMBER

  • control field: 19465

003 - CONTROL NUMBER IDENTIFIER

  • control field: GE_BSU

005 - DATE AND TIME OF LATEST TRANSACTION

  • control field: 20230720114215.0

008 - FIXED-LENGTH DATA ELEMENTS

  • fixed length control field: 230720|| aca||aabn | a|a d

040 ## - CATALOGING SOURCE

  • Original cataloging agency: GE_BSU
  • Transcribing agency: GE_BSU

111 ## - HEADING--MEETING NAME

  • Meeting name or jurisdiction name as entry element: საზოგადოების კვლევის ცენტრი

670 ## - SOURCE DATA FOUND

  • Source citation: Work cat.: (GE_BSU): რატომ ევროპა- როგორ ცხოვრობს ხალხი ევროპის ქვეყნებში? :